Every Defensive Player of the Since 2000 NBA - Statistics

General Stats
  • This quiz has been taken 30 times
  • The average score is 19 of 23
Answer Stats
Year Hint Answer % Correct
2017 Warriors Draymond Green
100%
2020 Bucks Giannis Antetokounmpo
97%
2022 Celtics Marcus Smart
97%
2021 Jazz Rudy Gobert
97%
2019 Jazz Rudy Gobert
97%
2018 Jazz Rudy Gobert
97%
2011 Magic Dwight Howard
90%
2010 Magic Dwight Howard
90%
2009 Magic Dwight Howard
90%
2016 Spurs Kawhi Leonard
90%
2015 Spurs Kawhi Leonard
90%
2006 Pistons Ben Wallace
86%
2005 Pistons Ben Wallace
86%
2003 Pistons Ben Wallace
86%
2002 Pistons Ben Wallace
86%
2014 Bulls Joakim Noah
86%
2008 Celtics Kevin Garnett
86%
2013 Grizzlies Marc Gasol
86%
2000 Heat Alonzo Mourning
69%
2001 76ers Dikembe Mutombo
66%
2012 Knicks Tyson Chandler
62%
2004 Pacers Metta World Peace
59%
2007 Nuggets Marcus Camby
41%
No matching quizzes found
Score Distribution
Percent of People with Each Score
Percentile by Number Answered
Your Score History
You have not taken this quiz